000 00428nam a2200157Ia 4500
008 210210b2001 xxu||||| |||| 00| 0 eng d
082 _a510 BOST
100 _aBOSCO (S S).
245 _aTheory and problems in mathematics. II PUC. Ed 5.
250 _a
260 _aMangalore.
_bT. Egithin Bosco
_c2001
300 _aviii,830
650 _aTheory, Problems Mathematics, II PUC
690 _aMathematics
906 _a056360
999 _c103809
_d103809